Aká je perspektíva chemického a farmatického priemyslu

Dokončenie článku z HN č. 192/01 o analýze slovenského chemického a farmatického priemyslu. Vývoj tržieb. Prevažujú krátkodobé pohľadávky. Celková a úverová zadlženosť odvetvia.

Saved in:
Bibliographic Details
Format: Book Chapter
Language:Slovak
Subjects:
Tags: Add Tag
No Tags, Be the first to tag this record!

MARC

LEADER 00000naa a2200000 4500
001 r042950
005 20230801095637.5
041 0 |a slo 
044 |a SK 
245 1 0 |a Aká je perspektíva chemického a farmatického priemyslu 
520 |a Dokončenie článku z HN č. 192/01 o analýze slovenského chemického a farmatického priemyslu. Vývoj tržieb. Prevažujú krátkodobé pohľadávky. Celková a úverová zadlženosť odvetvia. 
610 2 0 |a priemysel chemický 
610 2 0 |a priemysel farmaceutický 
610 2 0 |a analýza ekonomická 
610 2 0 |a tržby 
610 2 0 |a pohľadávky 
610 2 0 |a zadlženosť 
610 2 0 |a odvetvia činnosti ekonomickej 
610 2 0 |a Slovensko